LEADER 01217nam a22002531i 4500 001 991002406539707536 005 20040312111305.0 008 040407s1972 it |||||||||||||||||ita 035 $ab12918076-39ule_inst 035 $aARCHE-089768$9ExL 040 $aDip.to Filologia Class. e Scienze Filosofiche$bita$cA.t.i. Arché s.c.r.l. Pandora Sicilia s.r.l. 082 04$a873 100 1 $aBadalì, Renato$0396911 245 12$aL'opera e la poesia di M. Anneo Lucano :$bdispense del corso di lingua e letteratura latina della Facoltà di magistero dell'Università di Bologna nell'accademico 1971-1972 /$cRenato Badalì 260 $aBologna :$bRiccardo Pàtron,$c1972 300 $a183 p. ;$c22 cm 600 14$aLucano, Marco Anneo.$tBellum civile 907 $a.b12918076$b02-04-14$c16-04-04 912 $a991002406539707536 945 $aLE007 870.1 Lucanus BAD 01.501$g1$i2015000072481$lle007$o-$pE0.00$q-$rl$s- $t0$u0$v0$w0$x0$y.i13489987$z16-04-04 945 $aLE007 870.1 Lucanus BAD 01.501 $g2$i2015000072498$lle007$o-$pE0.00$q-$rl$s- $t0$u1$v0$w1$x0$y.i13489999$z16-04-04 996 $aOpera e la poesia di M. Anneo Lucano$9303593 997 $aUNISALENTO 998 $ale007$b16-04-04$cm$da $e-$fita$git $h2$i2 LEADER 03774oam 22006614a 450 001 9911072290303321 005 20180731043622.0 010 $a2-7605-3999-7 035 $a(CKB)3710000000251075 035 $a(EBL)3292790 035 $a(SSID)ssj0001222281 035 $a(PQKBManifestationID)11707530 035 $a(PQKBTitleCode)TC0001222281 035 $a(PQKBWorkID)11195362 035 $a(PQKB)10735430 035 $a(MiAaPQ)EBC4797004 035 $a(OCoLC)884956420 035 $a(MdBmJHUP)muse42775 035 $a(CEL)447770 035 $a(OCoLC)881552259 035 $a(CaBNVSL)slc00234449 035 $a(MiAaPQ)EBC3292790 035 $a(DE-B1597)673337 035 $a(DE-B1597)9782760539990 035 $a(EXLCZ)993710000000251075 100 $a20140521h20142014 uy 0 101 0 $afre 135 $aur|n|---||||| 181 $ctxt 182 $cc 183 $acr 200 12$aL'archivistique à l'ère du numérique $eLes éléments fondamentaux de la discipline /$fCarol Couture, Marcel Lajeunesse 210 1$aQue?bec, Canada :$cPresses de l'Universite? du Que?bec,$d2014. 210 4$d©2014 215 $a1 online resource (300 p.) 225 0 $aCollection Gestion de l'information 300 $aDescription based upon print version of record. 311 $a2-7605-3998-9 320 $aIncludes bibliographical references. 327 $aLes le?gislations archivistiques et les politiques sur les archives -- Les principes et les fonctions archivistiques -- La formation et la recherche en archivistique. 330 $aL'archivistique est une profession très ancienne, mais une jeune discipline sur le plan de l?enseignement supérieur et de la recherche. S?il existe des archives et des archivistes depuis l?Antiquité, ce n?est que dans la première moitié du xixe siècle que sont formulés les premiers principes de cette discipline, et il faut attendre la seconde moitié du xxe siècle pour que la recherche et l?enseignement en ce domaine prennent vraiment leur envol. Cet ouvrage fait le point sur l?état actuel de l?archivistique en abordant trois volets fondamentaux de celle-ci?: la législation qui fonde les politiques nationales en matière d?organisation des archives?; les fonctions et les principes autour desquels s?articule la discipline?; et l?enseignement et la recherche qui en permettent l?approfondissement. Il constitue en quelque sorte la suite de recherches menées dans les années 1990 sur le même sujet (voir notamment, chez le même éditeur, Les fondements de la discipline archivistique, 1994, et Les fonctions de l?archivistique contemporaine, 1999). Les auteurs y analysent en effet les principaux changements survenus en archivistique depuis un peu plus de 20 ans, en grande partie sous l?influence des technologies de l?information et de la communication ainsi que des conclusions d?ambitieux projets de recherche internationaux. Avec la révolution numérique, qui a bouleversé les principes, les fonctions, les lois, l?enseignement et la recherche, le bilan sur l?archivistique que propose cet ouvrage s?avère plus que nécessaire. 410 0$aCollection Gestion de l'information. 606 $aArchives 606 $aRecords$xManagement 606 $aArchives$xAdministration 608 $aElectronic books. 615 0$aArchives. 615 0$aRecords$xManagement. 615 0$aArchives$xAdministration. 676 $a025.17/14 700 $aCouture$b Carol$f1945-,$01899954 702 $aLajeunesse$b Marcel$f1942-, 801 0$bMdBmJHUP 801 1$bMdBmJHUP 906 $aBOOK 912 $a9911072290303321 996 $aL'archivistique à l'ère du numérique$94559647 997 $aUNINA